| 000 | 00635nam a2200181 i 4500 | ||
|---|---|---|---|
| 001 | 183950 | ||
| 003 | ES-MaACL | ||
| 005 | 20230906222017.0 | ||
| 008 | 141223q1841 xxk |||| | eng d | ||
| 110 | 2 |
_aSyrian Medical-Aid Association. _9156076 |
|
| 245 | 1 | 0 | _aSyrian Medical-Aid Association. |
| 260 |
_a[S.l. : _bs.n., _cca. 1841] |
||
| 300 |
_a8 p. ; _c20 cm. |
||
| 594 | _aEncabezamiento y título tomado de principio del texto. | ||
| 650 | 4 |
_aBeneficencia- _zGran Bretaña. _9156077 |
|
| 651 | 4 |
_aSiria- _xSituación social. _9175662 |
|
| 852 | 4 |
_aES-MaACL _jT-15-F-6 _z- Enc. en un vol. facticio _z- Falto de cub. original |
|
| 999 |
_c183950 _d183950 |
||